Coca: (Registro nro. 9080)
[ vista simple ]
| 000 -CABECERA | |
|---|---|
| Campo de control | 01501nam a22003137a 4500 |
| 005 - FECHA Y HORA DE LA ULTIMA TRANSACCION | |
| Campo de control | 20200104041633.0 |
| 008 - ELEMENTOS DE LONGITUD FIJA—INFORMACION GENERAL | |
| Campo de control | 150305b2014 ck ||||| ||||o00| 0 spa d |
| 020 ## - ISBN | |
| ISBN | 9789589934388 |
| 040 ## - FUENTE DE CATALOGACIÓN | |
| Agencia catalogadora original | Co-BoIAvH |
| Agencia transcriptora | Co-BoIAvH |
| 041 ## - IDIOMA | |
| Código de idioma para texto/pista de sonido o título separado | Español |
| 044 ## - PAÍS DE PUBLICACIÓN | |
| País de publicación | Colombia |
| 082 04 - NUMERO DE CLASIFICACION DECIMAL DEWEY | |
| Número de clasificación | 633.7 |
| Número del ítem | R62c |
| 100 1# - ASIENTO PRINCIPAL--NOMBRE PERSONAL | |
| Nombre personal | Roa Castañeda, José James |
| 9 (RLIN) | 33255 |
| 245 10 - MENCION DE TITULO | |
| Título | Coca: |
| Parte restante del título | deforestación, contaminación y pobreza |
| 246 ## - FORMA VARIANTE DEL TITULO | |
| Título propiamente dicho/forma breve del título | Coca: deforestación, contaminación y pobreza´: |
| Parte restante del título | acercamiento a la actividad económica y la problemática ambiental de los cultivos de coca en Colombia |
| 260 ## - PUBLICACION, DISTRIBUCION, ETC. (PIE DE IMPRENTA) | |
| Lugar de publicación, distribución, etc. | Bogotá: |
| Nombre del editor, distribuidor, etc. | Policía Nacional de Colombia, |
| Fecha de publicación, distribución, etc. | 2014. |
| 300 ## - DESCRIPCION FISICA | |
| Extensión | 212 p. |
| Otros detalles físicos | fotografías a color, tablas, mapas |
| Dimensiones | 24 cm. |
| 504 ## - NOTA DE BIBLIOGRAFIA, ETC. | |
| Nota de bibliografía | Incluye referencias bibliográficas (pag. 206-212) |
| 505 ## - NOTA DE CONTENIDO | |
| Nota de contenido | Antecedentes de los cultivos ilícitos en Colombia.<br/>Coca: plantas y variedades.<br/>Actividad agronómica.<br/>Dinámica y situación actual de los cultivos de coca.<br/>Impacto ambiental ocasionado por los cultivos de coca.<br/>Siembra y producción.<br/>Impacto socioeconómico y cultural de la actividad cocalera. |
| 650 #4 - ASIENTO SECUNDARIO DE MATERIA - TERMINO TEMATICO | |
| Término temático o nombre geográfico como elemento de entrada | Plantas alcaloides |
| Subdivisión general | agricultura |
| 9 (RLIN) | 33264 |
| 650 #4 - ASIENTO SECUNDARIO DE MATERIA - TERMINO TEMATICO | |
| Término temático o nombre geográfico como elemento de entrada | Cultivo de plantas alcaloides |
| Subdivisión geográfica | Colombia |
| 9 (RLIN) | 33265 |
| 651 ## - ASIENTO SECUNDARIO DE MATERIA - NOMBRE GEOGRAFICO | |
| Nombre geográfico | Coca |
| Subdivisión cronológica | aspectos ambientales |
| 9 (RLIN) | 33266 |
| 651 ## - ASIENTO SECUNDARIO DE MATERIA - NOMBRE GEOGRAFICO | |
| Nombre geográfico | Agricultura |
| 9 (RLIN) | 304 |
| 651 ## - ASIENTO SECUNDARIO DE MATERIA - NOMBRE GEOGRAFICO | |
| Nombre geográfico | Deforestación |
| 9 (RLIN) | 266 |
| 651 ## - ASIENTO SECUNDARIO DE MATERIA - NOMBRE GEOGRAFICO | |
| Nombre geográfico | Cultivos ilícitos |
| 9 (RLIN) | 348 |
| 700 1# - ASIENTO SECUNDARIO - NOMBRE PERSONAL | |
| Nombre personal | Nuñez Dueñas, James |
| 9 (RLIN) | 33262 |
| 710 1# - ASIENTO SECUNDARIO - NOMBRE CORPORATIVO | |
| Nombre corporativo o de jurisdicción como elemento de entrada | Policía Nacional de Colombia. |
| Unidad subordinada | Dirección Antinarcóticos |
| 9 (RLIN) | 33268 |
| 942 ## - ELEMENTOS ADICIONALES (KOHA) | |
| Sistema de clasificación | Dewey Decimal Classification |
| Tipo de ítem | Libro |
| Withdrawn status | Lost status | Sistema de Clasificación | Damaged status | No para préstamo | Colección | Inventariado | Ubicación Permanente | Ubicación actual | Fecha de adquisición | Fuente de Valor | Valor | Total Checkouts | Número topográfico | Inventario / Código de Barras | Date last seen | Date checked out | Ejemplar | Price effective from | Forma de adquisición | Tipo de material |
|---|---|---|---|---|---|---|---|---|---|---|---|---|---|---|---|---|---|---|---|---|
| Dewey Decimal Classification | General | Inventariado 2017 | Bogotá | Bogotá | 05/03/2015 | Instituto | 39000.00 | 1 | LB-633.7 R62c | 038952 | 13/02/2019 | 13/02/2019 | Ej. 1 | 05/03/2015 | Libro |